• 首页
  • 本馆介绍
  • 公告通知
  • 最新文献
  • 馆藏检索
  • 电子资源
  • 读者导购
  • 参考咨询
  • 我的图书馆
  • 登录
  • 详细信息显示
  • 放入我的书架
  • 预约/预借图书
  • 作者相关作品
  • 分类相关作品
  • 丛书相关作品
  • 出版社相关作品

书目信息

  • 表格格式
  • 工作单格式
  • 卡片格式
题名:
三国志的世界
    
 
作者: 金文京 著 ;何晓毅 , 梁蕾 译
分册:  
出版信息: 桂林   广西师范大学出版社  2014
页数: 16,375页
开本: 19cm
丛书名:
单 册:
中图分类: K234.07 , K236.07
科图分类:
主题词: 中国历史--研究--汉代 , 中国历史--研究--三国时代 , 中国历史
电子资源:
ISBN: 978-7-5495-1148-8
000 01203nam0 2200337 450
001 012001003408
005 20140926114739.0
010    @a978-7-5495-1148-8@b精装@dCNY48.00
090    @aK236.07@bjwj
100    @a20140429d2014 em y0chiy50 ea
101 1  @achi@cjpn
102    @aCN@b450000
105    @aa z 000yy
106    @ar
200 1  @a三国志的世界@9san guo zhi de shi jie@e后汉 三国时代@f(日)金文京著@g何晓毅,梁蕾译
210    @a桂林@c广西师范大学出版社@d2014
215    @a16,375页@c图@d19cm
300    @a讲谈社·中国的历史 04 理想国
305    @a日本讲谈社授权出版
330    @a本书分为九章,内容包括:夕阳西下的汉帝国、群雄割据、三分天下、三帝鼎立、三国的外交与情报战略、走向衰落的三帝国、三教鼎立的时代、文学的自觉时代、邪马台国及其周围的国际关系。
517 1  @a后汉 三国时代@9hou han san guo shi dai
606 0  @a中国历史@x研究@z汉代
606 0  @a中国历史@x研究@z三国时代
606 0  @a中国历史
690    @aK234.07@v5
690    @aK236.07@v5
701  0 @c(日)@a金文京@9jin wen jing@f(1952~)@4著
702  0 @a何晓毅@9he xiao yi@f(1961~)@4译
702  0 @a梁蕾@9liang lei@f(1965~)@4译
801  0 @aCN@b上海新华@c20180901
905    @b1154353-7@dK234.07@e86@f5
    
    三国志的世界:后汉 三国时代/(日)金文京著/何晓毅,梁蕾译.-桂林:广西师范大学出版社,2014
    16,375页:图;19cm
    讲谈社·中国的历史 04 理想国
    
    ISBN 978-7-5495-1148-8(精装):CNY48.00
    本书分为九章,内容包括:夕阳西下的汉帝国、群雄割据、三分天下、三帝鼎立、三国的外交与情报战略、走向衰落的三帝国、三教鼎立的时代、文学的自觉时代、邪马台国及其周围的国际关系。
●
相关链接 在E读中查询图书 在五车中查询图书 在当当中查询图书 在豆瓣中查询图书


正题名:三国志的世界     索取号:K234.07/86         预约/预借

序号 登录号 条形码 馆藏地/架位号 状态 备注
1 1154353   211543533   第二样本阅览室/ [索取号:K234.07/86] 在馆    
2 1154354   211543542   密集书库-史法系/ [索取号:K234.07/86] 在馆    
3 1154355   211543551   第二借阅区/ [索取号:K234.07/86] 在馆    
4 1154356   211543560   第二借阅区/ [索取号:K234.07/86] 在馆    
5 1154357   211543579   第二借阅区/ [索取号:K234.07/86] 在馆    
唐山师范学院图书馆 欢迎您!
大连网信软件有限公司© 版权所有